000
00280nam a2200133Ia 4500
008
240625s9999 xx 000 0 und d
041
_a
eng
082
_a
920 OBA
100
_a
OBAMA BARACK
245
_a
DREAMS OF MY FATHER
260
_c
2013
365
_c
GBP
_b
28
440
_v
2
999
_c
34943
_d
34943